000 00630cam a22002293a 4500
001 17753
003 PGUSA
005 20140828083358.0
008 060211s2006||||xxu|||||s|||||000 | eng d
040 _aPGUSA
_beng
042 _adc
050 4 _aQD
100 1 _aMactear, James
245 1 0 _aOn the Antiquity of the Chemical Art
_h[electronic resource] /
_cJames Mactear
260 _bProject Gutenberg,
_c2006
506 _aPublic domain in the USA.
516 _aElectronic text
653 _aChemistry -- History
830 0 _aProject Gutenberg
_v17753
856 4 0 _uhttp://www.gutenberg.org/ebooks/17753
942 _cEB
999 _c247008
_d247008